[Event "Colonie op"]
[Site "Colonie"]
[Date "2003.02.01"]
[Round "2"]
[White "Canty, Sylvester"]
[Black "Consilio, Todd J"]
[Result "1/2-1/2"]
[WhiteElo "1544"]
[BlackElo "1655"]
[PlyCount "168"]
[EventDate "2003.01.31"]
[EventType "swiss"]
[EventRounds "5"]
[EventCountry "USA"]
[SourceTitle "EXT 2008"]
[Source "ChessBase"]
[SourceDate "2007.11.25"]
[SourceVersion "1"]
[SourceVersionDate "2007.11.25"]
[SourceQuality "1"]

1. e4 Nc6 2. Nf3 f5 3. Nc3 fxe4 4. Nxe4 d5 5. Ng3 e5 6. Bb5 Qd6 7. 0-0 Bg4 8. h3 Bxf3 9. Qxf3 0-0-0 10. c3 Nf6 11. d3 Qc5 12. a4 Na5 13. d4 exd4 14. cxd4 Qb4 15. Ra3 Qxd4 16. Rd3 Qe5 17. b3 a6 18. Re3 Qd6 19. Be2 Nc6 20. Bb2 d4 21. Qf5+ Qd7 22. Rd3 Kb8 23. Qf4 Bd6 24. Qh4 h6 25. Ne4 Nxe4 26. Qxe4 Rhe8 27. Qg4 Qe7 28. Bf3 Ne5 29. Qe4 Nxf3+ 30. Qxf3 Rf8 31. Qg4 Qe5 32. g3 c5 33. b4 h5 34. Qd1 h4 35. bxc5 Bxc5 36. Re1 Qf5 37. Qe2 hxg3 38. fxg3 Qxh3 39. g4 Rh8 40. Qe5+ Bd6 41. Rxh3 Rxh3 42. Qxg7 Rdh8 43. Kf1 Rh1+ 44. Kf2 R1h2+ 45. Kf3 R8h3+ 46. Ke4 Rxb2 47. Kd5 Bb4 48. Re8+ Ka7 49. Qc7 Rc3 50. Qb8+ Kb6 51. Re6+ Ka5 52. Kxd4 Rd2+ 53. Ke4 Re2+ 54. Kf5 Rf3+ 55. Kg5 Bd2+ 56. Kh5 Rh3+ 57. Kg6 Rxe6+ 58. Kf7 Rb6 59. Qe5+ Kxa4 60. Qd4+ Bb4 61. Qxb6 Rh7+ 62. Kg8 Re7 63. g5 Bc3 64. g6 Rg7+ 65. Kf8 Rd7 66. Qe6 Rc7 67. Qe4+ Kb5 68. Qd3+ Ka5 69. Qd8 Kb6 70. Qd5 a5 71. Qd6+ Rc6 72. Qd8+ Ka6 73. g7 Bxg7+ 74. Kxg7 Kb5 75. Qd3+ Kb6 76. Kf7 a4 77. Ke7 Ka5 78. Kd7 Rb6 79. Qc3+ Ka6 80. Qc4+ Ka5 81. Qc5+ Rb5 82. Qc3+ Ka6 83. Kc7 Rb3 84. Qc4+ b5 1/2-1/2